La formación universitaria como un proceso de integración a la cultura organizacional /
Enregistré dans:
| Auteur principal: | |
|---|---|
| Format: | Thèse Livre |
| Langue: | espagnol |
| Sujets: | |
| Tags: |
Pas de tags, Soyez le premier à ajouter un tag!
|
MARC
| LEADER | 00000nam^a2200000^a^4500 | ||
|---|---|---|---|
| 001 | 000188999 | ||
| 005 | 20250521000000.0 | ||
| 009 | 20260310102357.63 | ||
| 037 | |a Acervo ITESO - Biblioteca | ||
| 041 | |a ESP | ||
| 090 | |a MAD. 117 | ||
| 100 | |a Nuño Medina, Carlos Alberto |e (autor) | ||
| 245 | 1 | 3 | |a La formación universitaria como un proceso de integración a la cultura organizacional / |c C.A. Nuño Medina. |
| 264 | |a Guadalajara, México : |b edición de autor, |c 2006 | ||
| 300 | |a 1 disco compacto de computadora | ||
| 336 | |a datos para computadora |b cod |2 rdacontenido | ||
| 337 | |a computadora |b c |2 rdamedio | ||
| 338 | |a disco de computadora |b cd |2 rdasoporte | ||
| 502 | |a ITESO Reporte de Posgrado para Maestría en Administración | ||
| 610 | |a ITESO | ||
| 649 | |a XX | ||
| 650 | |a Administradores - |x Prácticas Profesionales | ||
| 650 | |a Profesores - |x Prácticas Profesionales | ||
| 650 | |a Universidades Privadas - |z Guadalajara, Jalisco | ||
| 650 | |a Universidades Privadas - |z Jalisco | ||
| 650 | |a Universidades Privadas - |z México | ||
| 650 | |a Universidades Católicas - |z Guadalajara, Jalisco | ||
| 650 | |a Universidades Católicas - |z Jalisco | ||
| 650 | |a Universidades Católicas - |z México | ||
| 650 | |a Instituciones Educativas - |z Guadalajara, Jalisco | ||
| 650 | |a Instituciones Educativas - |z Jalisco | ||
| 650 | |a Instituciones Educativas - |z México | ||
| 650 | |a Educación Privada - |z Guadalajara, Jalisco | ||
| 650 | |a Educación Privada - |z Jalisco | ||
| 650 | |a Educación Privada - |z México | ||
| 650 | |a Educación Superior - |z Guadalajara, Jalisco | ||
| 650 | |a Educación Superior - |z Jalisco | ||
| 650 | |a Educación Superior - |z México | ||
| 650 | |a Práctica Educativa | ||
| 650 | |a Proceso Educativo | ||
| 650 | |a Cultura Organizacional - |x Tema Principal | ||
| 650 | |a Comunicación Organizacional | ||
| 650 | |a Administración Educativa | ||
| 910 | |a Fondo General | ||
| 920 | |a Electrónicos - Tesis del ITESO en Disco | ||
| 905 | |a 202 | ||
| 901 | |a 0500131810 |b IT2 |c STS |u 20250521 | ||
| 902 | |a https://opac.biblio.iteso.mx/vufind/Record/000188999 | ||